| 000 | 00482nam a2200181Ia 4500 | ||
|---|---|---|---|
| 008 | 151202s9999||||xx |||||||||||||| ||und|| | ||
| 082 | _bPNVM-18528 | ||
| 100 | _aFITZGERALD EDWARD. | ||
| 245 | _aRASPUTIN A NEW JUDGEMENT. | ||
| 260 | _bFREDRICK MULLER & CO. LONDON. | ||
| 260 | _c0 | ||
| 300 | _a264 | ||
| 600 | _aFITZGERALD EDWARD. | ||
| 630 | _aRASPUTIN A NEW JUDGEMENT. | ||
| 700 | _aFITZGERALD EDWARD. | ||
| 730 | _aRASPUTIN A NEW JUDGEMENT. | ||
| 942 | _cBOOK | ||
| 999 |
_c1284512 _d1284509 |
||